Physiologische Untersuchungen an der Platyophrya lata Kahl . I . Ernährung

Elmentve itt :
Bibliográfiai részletek
Szerző: Biczók Ferenc
Dokumentumtípus: Cikk
Megjelent: 1958
Sorozat:Acta biologica 4
Kulcsszavak:Természettudomány
Online Access:http://acta.bibl.u-szeged.hu/21458
LEADER 00620nab a2200181 i 4500
001 acta21458
005 20210527144532.0
008 161015s1958 hu o 0|| ger d
022 |a 0563-0592 
040 |a SZTE Egyetemi Kiadványok Repozitórium  |b hun 
041 |a ger 
100 1 |a Biczók Ferenc 
245 1 0 |a Physiologische Untersuchungen an der Platyophrya lata Kahl . I . Ernährung  |h [elektronikus dokumentum] /  |c  Biczók Ferenc 
260 |c 1958 
300 |a 73-80 
490 0 |a Acta biologica  |v 4 
695 |a Természettudomány 
856 4 0 |u http://acta.bibl.u-szeged.hu/21458/1/biologica_004_073-080.pdf  |z Dokumentum-elérés